Star Wars Episode 8 The last Jedi - Statistics

General Stats
  • This quiz has been taken 203 times
  • The average score is 17 of 23
Answer Stats
Hint Answer % Correct
Who is the girl who learns the ways of the force and how to use a lightsaber Rey
98%
Who is the jedi master who doesn't want to teach the girl because of his past Luke Skywalker
96%
Who is the ace pilot of the rebels who destroys all the guns on an imperial ship Poe Dameron
93%
Who is the leader of the rebels that goes unconscience after survivng outer space Leia Organa
91%
Who is the wookie that is with the girl looking for the jedi Chewbacca
90%
Who kills the supreme leader and has a past with the jedi master Kylo Ren
90%
Who is the stormtrooper traitor that teams up with the bombers sister to save the rebels Finn
89%
Who is the jedi masters old droid that had the map leading to him R2D2
88%
Who is the droid who is golden and serves the general of the rebels C3PO
87%
Who is the leader of the imperials that gets killed by a lightsaber Supreme Leader Snoke
87%
Who is the droid that accompanies the stormtrooper traitor and the bomber sister BB-8
85%
What is the name of the imperial side The First Order
84%
Who is the bombers sister that teams up with the stormtrooper traitor Rose Tico
82%
Who is the general of the imperial side General Hux
81%
Who is the silver stormtrooper commander Captain Phasma
78%
What is the name of the rebels side The Resistance
77%
Who is the owner of takodanas castle cantina and tells the heros about the codebreaker Maz Kanata
75%
Who takes over the rebels after the leader goes unconscience and sacerfices herself to save the last rebels Lady Holdo
64%
Where do the rebels go to seek refuge after escaping the imperials Crait
57%
What are the creatures that live on the jedis island called porgs
55%
Who is the rebel pilot that blows up the imperial ship, killing herself Paige Tico
40%
What is the name of the ship that the bomber destroys which is known as a "fleet killer" A First Order Dreadnought
38%
Who is the iconic rebel leader that died from the imperials destroying the bridge of the rebel starship (lead the attack on the second transfer) Admiral Akbar
21%
No matching quizzes found
Score Distribution
Percent of People with Each Score
Percentile by Number Answered
Your Score History
You have not taken this quiz